世界气候类型分布地图 Distribution of climate types in the world - Statistics

General Stats
  • This quiz has been taken 55 times
  • The average score is 10 of 11
Answers on the Map
Answers color-coded by a green-red scale on the quiz's map according to % correct below.
 
Answer Stats
气候类型 % Correct
地中海气候
100%
亚热带季风和湿润气候
98%
热带季风气候
95%
热带雨林气候
95%
温带季风气候
95%
热带沙漠气候
93%
温带大陆性气候
93%
温带海洋性气候
80%
热带草原气候
78%
高原山地气候
75%
寒带气候
58%
No matching quizzes found
Score Distribution
Percent of People with Each Score
Percentile by Number Answered
Your Score History
You have not taken this quiz